Yêu lại tiếng Anh từ đầu = Restart your English : basic grammar
Cuốn sách cung cấp cấu trúc ngữ pháp phổ biến, hệ thống phiên âm quốc tế, và từ vựng tiếng Anh hàng ngày. Bạn sẽ rèn luyện kỹ năng nghe và thực hành trên App MCBooks.
Spremljeno u:
| Glavni autor: | |
|---|---|
| Daljnji autori: | , |
| Format: | Knjiga |
| Jezik: | Vietnamese |
| Izdano: |
H.
Hồng Đức
2020
|
| Teme: | |
| Oznake: |
Dodaj oznaku
Bez oznaka, Budi prvi tko označuje ovaj zapis!
|
| Thư viện lưu trữ: | Thư viện Trường Đại học Nam Cần Thơ |
|---|
| LEADER | 01112nam a22002177a 4500 | ||
|---|---|---|---|
| 001 | NCT_4_009725 | ||
| 008 | 240617b xxu||||| |||| 00| 0 vie d | ||
| 999 | |c 8429 |d 8429 | ||
| 020 | |a 9786043022971 |c 229000 | ||
| 082 | 0 | 4 | |2 23rd ed. |a 428 |b M300 |
| 100 | 1 | |a Mi, Park Kyung | |
| 245 | 1 | 0 | |a Yêu lại tiếng Anh từ đầu = |b Restart your English : basic grammar |c Park Kyung Mi, Kim Ji Yeon; Đặng Thu Hà (dịch) |
| 260 | |a H. |b Hồng Đức |c 2020 | ||
| 300 | |a 226 tr. |b Minh họa |c 24cm | ||
| 520 | 3 | |a Cuốn sách cung cấp cấu trúc ngữ pháp phổ biến, hệ thống phiên âm quốc tế, và từ vựng tiếng Anh hàng ngày. Bạn sẽ rèn luyện kỹ năng nghe và thực hành trên App MCBooks. | |
| 653 | |a Ngôn ngữ Anh | ||
| 700 | 1 | |a Yeon, Kim Ji | |
| 700 | 1 | |a Đặng Thu Hà |e dịch | |
| 942 | |2 ddc |c BK | ||
| 952 | |0 0 |1 0 |2 ddc |4 0 |6 428_000000000000000_M300 |7 0 |9 29089 |a 000001 |b 000001 |d 2024-06-17 |o 428 M300 |p MD.22519 |r 2024-06-17 |v 229000.00 |w 2024-06-17 |y BK | ||
| 980 | |a Thư viện Trường Đại học Nam Cần Thơ | ||


